000 00454nam a2200193Ia 4500
003 OSt
005 20260316121346.0
008 250729s1987 xx 000 0 und d
020 _a978-0471180425
040 _cAL
041 _aeng
082 _a500 DICI
100 _aT.R.Dickson
_9230145
245 _aIntroduction to chemistry
260 _aNewyork
_bJohnwiley & Sons
_c1987
300 _a600p
650 _aScience
_9230146
942 _2ddc
_cBED
999 _c238635
_d238635